000 00259nam a22001217a 4500
040 _cSK
082 _a633
100 _aសុក គន្ធី
245 _aRice post-harvest technology
260 _aJAPEN
_bសុក
_c1995
300 _a566p.
942 _cEK
999 _c8737
_d8737